| 000 | 00632cab a2200217 4500 | ||
|---|---|---|---|
| 001 | WB2648-20 | ||
| 008 | 090401t1990 xxu||||| |||| 00| 0 eng d | ||
| 035 | _a(Sirsi) u40834 | ||
| 041 | _aeng | ||
| 245 | _aRents to mortgages | ||
| 260 | _c1990 | ||
| 350 | _a0 | ||
| 490 |
_aDoE News Release _vno 675 30 November 1990, 2 pages |
||
| 520 | _aPlans are announced to extend the pilot rent to mortgage scheme to Milton Keynes after an encouraging intital response in Basildon . | ||
| 650 | _aCOUNCIL HOUSING | ||
| 650 | _aHOME OWNERSHIP | ||
| 650 | _aRIGHT TO BUY | ||
| 690 | _aHOUSING | ||
| 942 | _n0 | ||
| 948 | _c04/03/1997 | ||
| 999 |
_c26173 _d26173 |
||